| 000 -LEADER |
| fixed length control field |
00878nam a22001337a 4500 |
| 040 ## - CATALOGING SOURCE |
| Transcribing agency |
RUA |
| 082 ## - DEWEY DECIMAL CLASSIFICATION NUMBER |
| Classification number |
FIS YOE 2022 B473 Or. |
| 100 ## - MAIN ENTRY--AUTHOR NAME |
| Personal name |
YOEURN SREYNI,យឿន ស្រីនិ |
| 245 ## - TITLE STATEMENT |
| Title |
THE PRESENCE OF METACERCARIAE TREMATODE(Haplorchiodes mehrai)IN SIL VER BARB(Barbonumus gonionotus) AND RED-TAILED TINFOIL(Barbonymus altus) FROM RIVER MARKET AND AQUACULTURE,វត្តមានដង្កូវប៉ារ៉ាស៊ីត Haplorchoides mehrai នៅក្នុងត្រីឆ្ពិនប្រាក់ និងត្រីកាហែដែលមានប្រភពមកពីទន្លេ ទីផ្សារ និងវារីវប្បកម្ម |
| 260 ## - PUBLICATION, DISTRIBUTION, ETC. (IMPRINT) |
| Place of publication |
phnom penh |
| Name of publisher |
rua |
| Year of publication |
2022 |
| 300 ## - PHYSICAL DESCRIPTION |
| Number of Pages |
xi.37p. |
| Other physical details |
ill. |
| Dimensions |
29cm. |
| 856 ## - ELECTRONIC LOCATION AND ACCESS |
| Uniform Resource Identifier |
https://drive.google.com/file/d/1pRCxiqFueHfKkNMHW5hfMPIdG8LHGu7O/view?usp=sharing |
| 942 ## - ADDED ENTRY ELEMENTS (KOHA) |
| Koha item type |
FIS |
| 952 ## - LOCATION AND ITEM INFORMATION (KOHA) |
| Withdrawn status [LOCAL, KOHA] |
0 |
| 952 ## - LOCATION AND ITEM INFORMATION (KOHA) |
| Withdrawn status [LOCAL, KOHA] |
0 |
| 952 ## - LOCATION AND ITEM INFORMATION (KOHA) |
| Withdrawn status [LOCAL, KOHA] |
0 |
| 952 ## - LOCATION AND ITEM INFORMATION (KOHA) |
| Withdrawn status [LOCAL, KOHA] |
0 |